00510nam a2200157Ia 4500003000900000008004100009040001600050080001500066100002000081245011700101260003500218300001600253650001800269650004100287650002400328IN-BaIIA211028s9999 xx 000 0 eng d cIIA Library a521.1bBAK aBaker, R. M. L. 0aAstrodynamicsbapplications and advanced topicscR. M. L. Baker  aNew YorkbAcademic Pressc1967 axiii, 540p. aAstrodynamics aAstronomy and astrophysics thesaurus aCelestial mechanics